[Event "6Ã¨me LUC open"]
[Site "Lille"]
[Date "2015-05-06"]
[Round "3.68"]
[White "MOLLARD, Pascal"]
[Black "DE VILLENOISY, Nicole"]
[Result "1-0"]
[WhiteElo "1823"]
[BlackElo "1090"]

1. d4 Nc6 2. e3 e5 3. c3 exd4 4. exd4 Nge7 5. Bd3 g6 6. Qe2 Bg7 7. Be3 O-O 8.
f4 Re8 9. Nf3 Nf5 10. Bxf5 gxf5 11. Kf2 d6 12. Qd3 Be6 13. Nbd2 Ne7 14. Rhe1 c5
15. Kg1 b6 16. Bf2 Qd7 17. Re2 Rac8 18. Rae1 c4 19. Qc2 Nd5 20. g3 b5 21. a3
Rb8 22. Ng5 h6 23. Ngf3 Rb6 24. Nh4 Rbb8 25. Nhf3 Nc7 26. Nh4 Rb6 27. Nf1 Rbb8
28. Ne3 d5 29. Nhxf5 Bxf5 30. Nxf5 Ne6 31. Nxg7 Nxg7 32. Re5 Rb6 33. Qe2 Rbe6
34. Qg4 R6e7 35. Qxd7 Rxd7 36. Rxe8+ Nxe8 37. Rxe8+ Kg7 38. f5 Rd6 39. g4 a5
40. Rb8 Kf6 41. Bh4+ Kg7 42. Rxb5 h5 43. g5 Rd8 44. Kf2 Re8 45. Rxd5 Re4 46.
Bg3 f6 47. g6 h4 48. Bc7 Rg4 49. Rd7+ Kh6 50. Rh7+ Kg5 51. g7 h3 52. g8=Q+ 1-0

*

[Event "6Ã¨me LUC open"]
[Site "Lille"]
[Date "2015-05-06"]
[Round "3.69"]
[White "FEY, Werner"]
[Black "KOPEREC, Mathis"]
[Result "1-0"]
[WhiteElo "1571"]
[BlackElo "1009"]

1. e4 e5 2. Nf3 Nc6 3. Bb5 d6 4. d4 f6 5. dxe5 a6 6. Bxc6+ bxc6 7. exf6 Nxf6 8.
Bg5 h6 9. Bxf6 Qxf6 10. Nc3 d5 11. exd5 cxd5 12. Qxd5 Be6 13. Qxa8+ Ke7 14. Rd1
Kf7 15. Qb7 Qe7 16. O-O Bg4 17. Rfe1 Qf6 18. Qxc7+ Kg8 19. Qc4+ Kh7 20. Qxg4 g6
21. Re6 Qg7 22. Rd7 Rg8 23. Rxg7+ Rxg7 24. Ne5 1-0

*

[Event "6Ã¨me LUC open"]
[Site "Lille"]
[Date "2015-05-06"]
[Round "3.70"]
[White "MANDUCHER, Matthieu"]
[Black "LETEURTRE, Nathan"]
[Result "1-0"]
[WhiteElo "1457"]
[BlackElo "1009"]

1. e4 e5 2. Nf3 Nc6 3. Nc3 Nf6 4. d4 d6 5. dxe5 dxe5 6. Qxd8+ Nxd8 7. Nxe5 Bb4
8. Bd3 O-O 9. Bd2 Re8 10. a3 Bxc3 11. Bxc3 Nd7 12. Nxd7 Bxd7 13. O-O Nc6 14.
Rfe1 h6 15. f3 Be6 16. Rad1 Rad8 17. Be2 Rxd1 18. Rxd1 b6 19. Bb5 Bd7 20. Rxd7
Nb8 21. Rxc7 Rd8 22. Bc4 Rd1+ 23. Kf2 Rc1 24. Bb3 Na6 25. Rxf7 Nc5 26. Rxg7+
Kf8 27. Rxa7 Rd1 28. Bd5 Ke8 29. Bf6 Nd7 30. Ke2 Ra1 31. b3 Nxf6 32. Bc4 Rxa3
33. Rxa3 Nd7 34. Ra7 Nf8 35. Bb5+ Kd8 36. e5 Ng6 37. Rd7+ Kc8 38. Rd6 Kc7 39.
Rxg6 h5 40. e6 Kd8 41. Rg7 Kc8 42. e7 h4 43. e8=Q# 1-0

*

[Event "6Ã¨me LUC open"]
[Site "Lille"]
[Date "2015-05-06"]
[Round "3.71"]
[White "TINARRAGE, Xavier"]
[Black "VAN FOREEST, Machteld"]
[Result "1/2-1/2"]
[WhiteElo "1320"]
[BlackElo "1420"]

1. d4 d5 2. Nf3 Nf6 3. e3 e6 4. Bd3 Be7 5. O-O O-O 6. b3 Nbd7 7. Bb2 b6 8. Nbd2
c5 9. Ne5 Bb7 10. c4 dxc4 11. Ndxc4 Nxe5 12. dxe5 Nd5 13. a3 Rc8 14. Qc2 h6 15.
Rad1 b5 16. Nd6 Bxd6 17. exd6 a6 18. e4 Nf4 19. Be2 Qg5 20. Bf3 f5 21. Bc1 fxe4
22. Bxe4 Bxe4 23. Qxe4 Qg4 24. Bxf4 Rxf4 25. Qb7 Rcf8 26. f3 Qg5 27. Qc6 Rh4
28. Rde1 Qf6 29. Qxc5 Qg6 30. d7 Qf6 31. Rxe6 Qd4+ 32. Qxd4 Rxd4 33. Re7 Rf7
34. Re8+ Rf8 35. Rxf8+ Kxf8 36. d8=Q+ Rxd8 37. Rc1 Rd3 38. Rc6 a5 39. Ra6 Rxb3
40. Rxa5 Kf7 41. Kf2 Kf6 42. h3 Kf5 43. a4 Kf6 44. axb5 1/2-1/2

*

[Event "6Ã¨me LUC open"]
[Site "Lille"]
[Date "2015-05-06"]
[Round "3.72"]
[White "PETIT, Michel"]
[Black "BOUDELLE, Gilles"]
[Result "1-0"]
[WhiteElo "1298"]
[BlackElo "1399"]

1. c4 e5 2. g3 Nc6 3. Bg2 Nf6 4. Nc3 Bb4 5. a3 Ba5 6. b4 Bb6 7. c5 Bxc5 8. bxc5
d5 9. cxd6 Qxd6 10. Rb1 a6 11. Ne4 Nxe4 12. Bxe4 Nd4 13. e3 Ne6 14. Qc2 g6 15.
Bxb7 Rb8 16. Bxc8 Rxc8 17. Qa4+ Ke7 18. Qh4+ f6 19. a4 Qd5 20. f3 Nc5 21. Ba3
Rhd8 22. Bxc5+ Qxc5 23. Qb4 Rd5 24. Qxc5+ Rxc5 25. Ne2 Rd8 26. d4 Rc2 27. Rc1
Rb2 28. Rxc7+ Rd7 29. Rc1 Rdb7 30. Kf2 exd4 31. exd4 Kf7 32. d5 Re7 33. Rhe1
Ke8 34. Rc6 Kd8 35. Rxa6 f5 36. Ra8+ Kc7 37. Ra7+ Rb7 38. Rxb7+ Kxb7 39. Nd4
Rd7 40. Re5 Kb6 41. Nb5 Ka5 42. Nc3 Kb4 43. Re3 Kc4 44. a5 Ra7 45. d6 Rd7 46.
a6 Rxd6 47. a7 Ra6 48. Nd1 Rxa7 49. Rc3+ Kd4 50. Re3 Ra2+ 51. Re2 Ra3 52. Rd2+
Kc5 53. f4 Ra1 54. Ne3 Rh1 55. Kg2 Rc1 56. g4 Rc3 57. Re2 Kd4 58. Kf2 Ke4 59.
Nd1+ Re3 60. Rxe3+ Kxf4 61. gxf5 Kxf5 62. Kg3 h5 63. Ra3 Kg5 64. h4+ Kh6 65.
Ra5 1-0

*

[Event "6Ã¨me LUC open"]
[Site "Lille"]
[Date "2015-05-05"]
[Round "2.1"]
[White "GHARAMIAN, Tigran"]
[Black "MARTYNOV, Pavel"]
[Result "1-0"]
[WhiteElo "2647"]
[BlackElo "2440"]

1. e4 e6 2. d4 d5 3. Nd2 c5 4. exd5 Qxd5 5. Ngf3 cxd4 6. Bc4 Qd7 7. O-O Nf6 8.
Nb3 Nc6 9. Nbxd4 Bc5 10. Nxc6 Qxc6 11. Ne5 Qb6 12. b3 O-O 13. Bb2 Rd8 14. Qf3
Bd7 15. Nxd7 Nxd7 16. Qg4 Bf8 17. Rae1 Nc5 18. Re3 g6 19. Qg5 Nd7 20. Rf3 Qd6
21. Rd3 Qe7 22. Qa5 Nb6 23. Qe5 f6 24. Bxe6+ Kg7 25. Rf3 Nd5 26. Qe4 1-0

*

[Event "6Ã¨me LUC open"]
[Site "Lille"]
[Date "2015-05-05"]
[Round "2.2"]
[White "SHIRAZI, Kamran"]
[Black "ZHIGALKO, Andrey"]
[Result "0-1"]
[WhiteElo "2385"]
[BlackElo "2586"]

1. e4 c5 2. Nf3 e6 3. b3 a6 4. Bb2 Nc6 5. g3 Qc7 6. Bg2 Nf6 7. Qe2 Be7 8. c4
O-O 9. O-O b5 10. Na3 bxc4 11. Nxc4 a5 12. e5 Nd5 13. Rfc1 a4 14. bxa4 Rxa4 15.
Qd1 Qa7 16. a3 Bb7 17. Nd6 Ra8 18. Qc2 Ra5 19. Nxb7 Qxb7 20. Rab1 Rb5 21. Bf1
Rb6 22. Bd3 g6 23. Be4 c4 24. Nd4 Nxe5 25. Nxe6 Nd3 26. Bd4 Nxc1 27. Bxb6 Ne2+
28. Kf1 dxe6 29. Kxe2 Rxa3 30. Bd4 Rb3 {partie illisible} 0-1

*

[Event "6Ã¨me LUC open"]
[Site "Lille"]
[Date "2015-05-05"]
[Round "2.3"]
[White "BURMAKIN, Vladimir"]
[Black "VALLES, Manuel"]
[Result "1-0"]
[WhiteElo "2585"]
[BlackElo "2354"]

1. d4 Nf6 2. Nf3 g6 3. Bf4 Bg7 4. e3 b6 5. c3 Bb7 6. h3 O-O 7. Be2 d6 8. O-O c5
9. a4 a6 10. Qb3 Ra7 11. Rd1 Nbd7 12. d5 Qa8 13. c4 b5 14. Nc3 bxc4 15. Bxc4
Rb8 16. Qa2 Nb6 17. Bb3 a5 18. e4 Ba6 19. e5 Ne8 20. exd6 exd6 21. Nd2 c4 22.
Bc2 Bxc3 23. bxc3 1-0

*

[Event "6Ã¨me LUC open"]
[Site "Lille"]
[Date "2015-05-05"]
[Round "2.4"]
[White "LAZAREV, Vladimir"]
[Black "MAIOROV, Nikita"]
[Result "1/2-1/2"]
[WhiteElo "2361"]
[BlackElo "2563"]

1. d4 Nf6 2. c4 e6 3. Nc3 Bb4 4. Qc2 Nc6 5. Nf3 d6 6. Bd2 a5 7. a3 Bxc3 8. Bxc3
Qe7 9. b3 O-O 10. e3 e5 11. d5 Nb8 12. Nd2 Bg4 13. Bd3 Nbd7 14. f3 Bh5 15. O-O
Nc5 16. Bf5 Ncd7 17. b4 axb4 18. axb4 Bg6 19. Bxg6 hxg6 20. Nb3 c6 1/2-1/2

*

[Event "6Ã¨me LUC open"]
[Site "Lille"]
[Date "2015-05-05"]
[Round "2.5"]
[White "CHATALBASHEV, Boris"]
[Black "MIDOUX, Sebastien"]
[Result "1-0"]
[WhiteElo "2541"]
[BlackElo "2315"]

1. d4 Nf6 2. c4 g6 3. Nc3 d5 4. Bf4 Bg7 5. e3 O-O 6. Nf3 c5 7. dxc5 Qa5 8. Rc1
dxc4 9. Bxc4 Qxc5 10. Bb3 Nc6 11. O-O Qa5 12. h3 Bf5 13. Qe2 Ne4 14. Nd5 e5 15.
Bg5 Nxg5 16. Nxg5 Rae8 17. g4 Be6 18. Nxe6 Rxe6 19. Nc3 Rd6 20. Ne4 Rdd8 21.
Rfd1 Qb4 22. Qf3 Qe7 23. g5 Kh8 24. Rxd8 Nxd8 25. Bd5 f5 26. gxf6 Bxf6 27. Qg4
Kg7 28. Rd1 h5 29. Qg2 Bh4 30. Kh2 Kh8 31. Rg1 g5 32. Rd1 a6 33. Bb3 Nf7 34.
Kg1 Rd8 35. Qf3 Nd6 36. Rxd6 Rxd6 37. Nxd6 Qxd6 38. Qxb7 Qf6 39. Qg2 e4 40. Bc2
Qf5 41. Bxe4 {partie illisible} 1-0

*

[Event "6Ã¨me LUC open"]
[Site "Lille"]
[Date "2015-05-05"]
[Round "2.6"]
[White "VAN DER LENDE, Ilias"]
[Black "STRIKOVIC, Aleksa"]
[Result "1-0"]
[WhiteElo "2333"]
[BlackElo "2526"]

1. e4 c5 2. c3 e6 3. Nf3 d5 4. exd5 exd5 5. Bb5+ Bd7 6. Bxd7+ Qxd7 7. O-O Bd6
8. d4 Nc6 9. dxc5 Bxc5 10. Nbd2 Nge7 11. Nb3 Bd6 12. Be3 O-O 13. Bc5 Rfe8 14.
Bxd6 Qxd6 15. Nbd4 Nxd4 16. Nxd4 Nc6 17. Nf3 Qc5 18. Qb3 Re2 19. Rad1 Rd8 20.
Qxb7 h6 21. b4 Qc4 22. b5 Ne5 23. Nd4 Re4 24. Nf5 Qxc3 25. Ne7+ Kh8 26. Rxd5
Re8 27. Rdd1 Re2 28. Nf5 Rxa2 29. Nd6 Rf8 30. Qe7 Ng6 31. Nxf7+ Kh7 32. Qe6 Rc2
33. Rd6 Qf6 34. Qe4 1-0

*

[Event "6Ã¨me LUC open"]
[Site "Lille"]
[Date "2015-05-05"]
[Round "2.7"]
[White "BAILET, Pierre"]
[Black "BANNINK, Bernard"]
[Result "1-0"]
[WhiteElo "2519"]
[BlackElo "2267"]

1. d4 d5 2. c4 c6 3. Nf3 Nf6 4. e3 Bf5 5. Nc3 e6 6. Nh4 Bg6 7. Nxg6 hxg6 8. Bd3
Nbd7 9. O-O Ne4 10. g3 f5 11. f3 Nxc3 12. bxc3 Bd6 13. Qe2 Qe7 14. Rb1 dxc4 15.
Bxc4 O-O-O 16. e4 e5 17. a4 Nf6 18. Bg5 Rh5 19. Ba6 Rxg5 20. Bxb7+ Qxb7 21.
Rxb7 Kxb7 22. Rb1+ Kc7 23. Qa6 Rd7 24. Qa5+ Kc8 25. dxe5 Bc7 26. Qa6+ Kd8 27.
exf6 gxf6 28. Qxc6 Ke7 29. Rb7 Bb6+ 30. Kg2 Rxb7 31. Qxb7+ Ke6 32. a5 Be3 33.
Qd5+ Ke7 34. e5 1-0

*

[Event "6Ã¨me LUC open"]
[Site "Lille"]
[Date "2015-05-05"]
[Round "2.8"]
[White "FREDERIC, Clement"]
[Black "VAN FOREEST, Jorden"]
[Result "0-1"]
[WhiteElo "2231"]
[BlackElo "2519"]

1. e4 c5 2. Nf3 e6 3. c3 Nf6 4. e5 Nd5 5. d4 cxd4 6. cxd4 d6 7. Bc4 Nc6 8. O-O
Be7 9. Qe2 O-O 10. Rd1 Qc7 11. Bd2 b6 12. Nc3 Nxc3 13. Bxc3 dxe5 14. dxe5 Bb7
15. Rac1 Rfd8 16. Bd3 Rd5 17. h4 Rad8 18. h5 Qd7 19. Bc2 Nb4 20. Bxb4 Bxb4 21.
Bxh7+ Kxh7 22. Qe4+ Kg8 23. Rxd5 exd5 24. Qxb4 d4 25. Rd1 Bxf3 26. gxf3 Qd5 27.
Qe7 Rd7 28. Qe8+ Kh7 29. Rd3 Rc7 30. Qa4 Rc4 31. Qd1 Qxe5 32. b3 Qg5+ 33. Kh2
Qxh5+ 34. Kg2 Qg5+ 35. Kh2 Rc1 36. Qd2 Qg1+ 37. Kh3 Rc5 38. Kh4 g6 0-1

*

[Event "6Ã¨me LUC open"]
[Site "Lille"]
[Date "2015-05-05"]
[Round "2.9"]
[White "DEMUTH, Adrien"]
[Black "CHKHAIDZE, Nikoloz"]
[Result "1-0"]
[WhiteElo "2515"]
[BlackElo "2226"]

1. d4 Nf6 2. c4 g6 3. Nc3 d5 4. Bg5 Ne4 5. Bh4 Nxc3 6. bxc3 dxc4 7. e3 Be6 8.
Nf3 Bg7 9. Rb1 O-O 10. Rxb7 Bd5 11. Rb2 c5 12. Qa4 cxd4 13. cxd4 Bxf3 14. gxf3
Bxd4 15. Rc2 Qd5 16. exd4 Qxf3 17. Rg1 Qe4+ 18. Be2 Qxh4 19. Bf3 Qxd4 20. Qxc4
Qa1+ 21. Rc1 Qe5+ 22. Qe2 Nd7 23. Bxa8 Rxa8 24. Qxe5 Nxe5 25. Rg3 Rd8 26. Rd1
Rb8 27. Rb3 Rc8 28. Rd5 Ng4 29. h3 Nf6 30. Ra5 Rc1+ 31. Kd2 Rc7 32. Rba3 Rb7
33. Rxa7 Rb2+ 34. Ke3 Nd5+ 35. Kf3 Kg7 36. Rd3 Nb4 37. Rb3 Rxa2 38. Rxa2 Nxa2
39. Re3 1-0

*

[Event "6Ã¨me LUC open"]
[Site "Lille"]
[Date "2015-05-05"]
[Round "2.10"]
[White "MARIE, Maxime"]
[Black "MANOLACHE, Marius"]
[Result "0-1"]
[WhiteElo "2228"]
[BlackElo "2498"]

1. e4 g6 2. d4 d6 3. Nc3 Bg7 4. Bc4 Nc6 5. Nge2 Nf6 6. a4 O-O 7. d5 Nb4 8. O-O
c6 9. a5 Qc7 10. Bb3 Na6 11. f4 Nc5 12. e5 dxe5 13. fxe5 Qxe5 14. Bf4 Qh5 15.
Qe1 Nxb3 16. cxb3 Nxd5 17. Ng3 Qh4 18. Ra4 Nxf4 19. Raxf4 Qg5 20. b4 f5 21. b5
e5 0-1

*

[Event "6Ã¨me LUC open"]
[Site "Lille"]
[Date "2015-05-05"]
[Round "2.11"]
[White "KARPATCHEV, Aleksandr"]
[Black "CALOONE, Thomas"]
[Result "1-0"]
[WhiteElo "2466"]
[BlackElo "2175"]

1. e4 e5 2. Nf3 Nc6 3. d4 exd4 4. Nxd4 Qh4 5. Nc3 Bb4 6. Be2 d6 7. O-O Bxc3 8.
bxc3 a6 9. f4 Nge7 10. Rb1 O-O 11. f5 Qf6 12. g4 h6 13. Rf2 Re8 14. Rg2 Nxd4
15. cxd4 Nc6 16. c3 g5 17. fxg6 fxg6 18. g5 hxg5 19. Bc4+ Kh7 20. Bxg5 Qg7 21.
Qe1 Be6 22. Qh4+ Kg8 23. Bh6 Qh7 24. Qf6 1-0

*

[Event "6Ã¨me LUC open"]
[Site "Lille"]
[Date "2015-05-05"]
[Round "2.12"]
[White "BURGNIES, Stephane"]
[Black "NAUMKIN, Igor"]
[Result "1/2-1/2"]
[WhiteElo "2195"]
[BlackElo "2445"]

1. Nf3 Nf6 2. c4 e6 3. d4 b6 4. g3 Bb7 5. Bg2 Be7 6. O-O O-O 7. Nc3 Ne4 8. Bd2
f5 9. d5 Bf6 10. Rc1 Na6 11. a3 Nac5 12. b4 Nxc3 13. Bxc3 Ne4 14. Bxf6 Qxf6 15.
Qd4 a5 16. Qxf6 Rxf6 17. Rfd1 axb4 18. axb4 Ra4 19. dxe6 dxe6 20. Ne5 Rxb4 21.
Rd7 Nc5 22. Bxb7 Nxb7 23. Nd3 Rb3 24. Rxc7 Rf7 25. Rc8+ Rf8 26. Rc7 Rf7 27.
Rc8+ Rf8 1/2-1/2

*

[Event "6Ã¨me LUC open"]
[Site "Lille"]
[Date "2015-05-05"]
[Round "2.13"]
[White "HENRIS, Luc"]
[Black "SAGAR, Shah"]
[Result "0-1"]
[WhiteElo "2153"]
[BlackElo "2436"]

1. e4 c6 2. Ne2 d5 3. e5 d4 4. c3 c5 5. b4 d3 6. Nf4 c4 7. e6 Nf6 8. Qa4+ Nbd7
9. exd7+ Bxd7 10. Qa5 Qb8 11. Nd5 Nxd5 12. Qxd5 Bc6 13. Qd4 b5 14. a4 e5 15.
Qe3 a6 16. f3 Bd6 17. g3 O-O 18. Bg2 Bc7 19. a5 Qb7 20. O-O Bb8 21. Kh1 Ba7 22.
Qg5 e4 23. Qf5 Rae8 24. Na3 Bb8 0-1

*

[Event "6Ã¨me LUC open"]
[Site "Lille"]
[Date "2015-05-05"]
[Round "2.14"]
[White "LOISEAU, Quentin"]
[Black "WEILL, Roland"]
[Result "1-0"]
[WhiteElo "2415"]
[BlackElo "2151"]

1. d4 Nf6 2. Nf3 c5 3. d5 b5 4. Bg5 Qb6 5. Bxf6 gxf6 6. e4 d6 7. Nh4 f5 8. Nxf5
Bxf5 9. exf5 Bg7 10. Nd2 O-O 11. f6 Bxf6 12. Bd3 c4 13. Be4 Bg7 14. Qh5 h6 15.
Qf5 Rd8 16. h4 Nd7 17. Rh3 Nf6 18. c3 b4 19. Rg3 Rac8 20. Bc2 Kf8 21. Ne4 Nxe4
22. Bxe4 bxc3 23. bxc3 Qa5 24. Rc1 e5 25. Qh7 Bf6 26. Rf3 Bg7 27. Rg3 Bf6 28.
Qxh6+ Ke7 29. Rf3 Bh8 30. Rxf7+ Kxf7 31. Bg6+ Kf6 32. Bh5+ 1-0

*

[Event "6Ã¨me LUC open"]
[Site "Lille"]
[Date "2015-05-05"]
[Round "2.15"]
[White "DUPONT, Arthur"]
[Black "DOURERASSOU, Jonathan"]
[Result "1/2-1/2"]
[WhiteElo "1908"]
[BlackElo "2414"]

1. g3 d5 2. Bg2 e5 3. d3 Nf6 4. Nd2 Bc5 5. Nb3 Bb6 6. Nf3 Qe7 7. O-O O-O 8. Bg5
e4 9. Ne1 Rd8 10. d4 Bf5 11. f3 Nbd7 12. g4 Bg6 13. f4 h6 14. Bh4 c5 15. c3 Bh7
16. e3 Rac8 17. Bg3 a5 18. h4 h5 19. Bh3 hxg4 20. Bxg4 cxd4 21. Nxd4 Bxd4 22.
cxd4 Nxg4 23. Qxg4 f5 24. Qg5 Qe8 25. h5 Rc6 26. Rf2 Rh6 27. Bh4 Rf6 28. Rg2
Qf8 29. Qg3 Rc8 30. Bxf6 Nxf6 31. h6 1/2-1/2

*

[Event "6Ã¨me LUC open"]
[Site "Lille"]
[Date "2015-05-05"]
[Round "2.16"]
[White "DI NICOLANTONIO, Lucas"]
[Black "MCLAREN, Brian"]
[Result "1-0"]
[WhiteElo "2414"]
[BlackElo "2141"]

1. e4 Nf6 2. Nc3 d5 3. exd5 Nxd5 4. Bc4 c6 5. Qf3 Nf6 6. Nge2 Nbd7 7. d4 Nb6 8.
Bb3 Bg4 9. Qg3 Qd7 10. Bg5 Be6 11. O-O Bxb3 12. axb3 Nbd5 13. Rxa7 Rd8 14. Bxf6
Nxf6 15. Na4 Ne4 16. Qe5 Nd6 17. Nc5 Qc8 18. Nf4 f6 19. Qh5+ Nf7 20. Nce6 g6
21. Qa5 Bh6 22. Nxd8 Bxf4 23. Ra8 Bb8 24. Ne6 Kd7 25. Nc5+ Kd6 26. Qb4 Kc7 27.
Re1 e5 28. Raa1 Re8 29. dxe5 fxe5 30. Rad1 1-0

*

[Event "6Ã¨me LUC open"]
[Site "Lille"]
[Date "2015-05-05"]
[Round "2.17"]
[White "CARTIGNY, Patrick"]
[Black "LE, Quang Long"]
[Result "0-1"]
[WhiteElo "1886"]
[BlackElo "2405"]

1. e4 c6 2. d4 d5 3. exd5 cxd5 4. Bd3 Nc6 5. c3 Nf6 6. h3 e6 7. Bf4 Bd6 8. Bxd6
Qxd6 9. Nf3 g5 10. Qe2 Qf4 11. Qe3 Rg8 12. Nbd2 h5 13. g3 Qxe3+ 14. fxe3 g4 15.
hxg4 hxg4 16. Rh6 Ke7 17. Nh2 Bd7 18. Kf2 Rh8 19. Rxh8 Rxh8 20. Kg2 e5 21. Bb5
e4 22. Nb3 Bc8 23. Nc1 Nd8 24. Ne2 a6 25. Ba4 Ne6 26. Nf4 Ng5 27. Bb3 Kd6 28.
c4 dxc4 29. Bxc4 Bd7 30. Bb3 Nf3 31. Nf1 Bb5 32. Kf2 Bxf1 33. Rxf1 Rh2+ 34. Ng2
Nh7 0-1

*

[Event "6Ã¨me LUC open"]
[Site "Lille"]
[Date "2015-05-05"]
[Round "2.18"]
[White "TERRIEUX, Kevin"]
[Black "MARUEJOLS, Claude"]
[Result "1-0"]
[WhiteElo "2439"]
[BlackElo "1939"]

1. d4 Nf6 2. c4 g6 3. f3 d5 4. cxd5 Nxd5 5. e4 Nb6 6. Nc3 Bg7 7. Be3 O-O 8. Qd2
Nc6 9. O-O-O f5 10. e5 Nb4 11. Nh3 Be6 12. Kb1 Qd7 13. Nf4 Bf7 14. h4 N4d5 15.
h5 Nxf4 16. Bxf4 gxh5 17. d5 e6 18. Bb5 Qc8 19. d6 cxd6 20. Qxd6 Nd5 21. Nxd5
exd5 22. Bd7 Qc4 23. e6 Be8 24. Be5 Bxe5 25. Qxe5 Bxd7 26. exd7 Rad8 27. Rxh5
Rf7 28. Rg5+ Kf8 29. Qd6+ 1-0

*

[Event "6Ã¨me LUC open"]
[Site "Lille"]
[Date "2015-05-05"]
[Round "2.19"]
[White "ROGER, Mehdi"]
[Black "FARRINGTON, Edward J"]
[Result "0-1"]
[WhiteElo "2176"]
[BlackElo "2024"]

1. e4 c5 2. Nf3 e6 3. d3 d5 4. Nbd2 Nc6 5. g3 Bd6 6. Bg2 Nge7 7. O-O Qc7 8. Re1
O-O 9. Nh4 Bd7 10. f4 f6 11. c3 d4 12. c4 Rab8 13. Nhf3 a6 14. Kh1 b5 15. b3 e5
16. f5 Nb4 17. Bf1 a5 18. a3 Na6 19. cxb5 Rxb5 20. a4 Rb7 21. g4 Rfb8 22. Be2
Nc6 23. Rg1 c4 24. bxc4 Nc5 25. g5 Kh8 26. Bf1 Nb4 27. Ne1 Bc6 28. g6 h6 29.
Rg3 Kg8 30. Kg1 Qd7 31. Qh5 Nxa4 32. Ndf3 Bf8 33. Bh3 Qc7 34. Ng5 fxg5 35. Bxg5
Nxd3 36. Bxh6 gxh6 37. f6 Nf4 38. g7 Nxh5 39. Be6+ Qf7 0-1

*

[Event "6Ã¨me LUC open"]
[Site "Lille"]
[Date "2015-05-05"]
[Round "2.20"]
[White "BIANCHI, Guillaume"]
[Black "MARTYNOV, Petr"]
[Result "1-0"]
[WhiteElo "2150"]
[BlackElo "1885"]

1. d4 Nf6 2. c4 e6 3. g3 d5 4. Bg2 Be7 5. Nf3 O-O 6. O-O dxc4 7. Ne5 c5 8. Na3
Qxd4 9. Naxc4 Nbd7 10. Nxd7 Nxd7 11. Qc2 Ne5 12. Na5 Qb4 13. Bd2 Qb6 14. Bc3
Qc7 15. Qe4 Bd6 16. Rad1 f5 17. Qe3 f4 18. Qe4 fxg3 19. hxg3 Nf7 20. Nxb7 Bxb7
21. Qxb7 Qxb7 22. Bxb7 Rab8 23. Ba6 Be5 24. Bc4 Bxc3 25. bxc3 Rb6 26. f4 g6 27.
Rd7 Nh6 28. Rfd1 Nf5 29. Kf2 Rf7 30. Rxf7 Kxf7 31. Rd7+ Kf6 32. e4 Ne7 33. Ke3
Rb1 34. Rxa7 Re1+ 35. Be2 Rg1 36. g4 Rg3+ 37. Bf3 Rg1 38. g5+ Kf7 39. Ra6 Rc1
40. Bg4 Rxc3+ 41. Kd2 Rg3 42. Bxe6+ Kg7 43. Ra7 Kf8 44. Ra8+ Kg7 45. Re8 1-0

*

[Event "6Ã¨me LUC open"]
[Site "Lille"]
[Date "2015-05-05"]
[Round "2.21"]
[White "VAN FOREEST, Lucas"]
[Black "CARDON, Pierre"]
[Result "1-0"]
[WhiteElo "2312"]
[BlackElo "1863"]

1. e4 d6 2. d4 c6 3. Nf3 Nf6 4. Bd3 Qc7 5. O-O e5 6. c3 Bg4 7. Be3 Nbd7 8. Nbd2
Be7 9. a4 O-O 10. h3 Bh5 11. Re1 Rad8 12. Qc2 Bg6 13. a5 b5 14. axb6 axb6 15.
Nh4 d5 16. Nxg6 hxg6 17. dxe5 Nxe5 18. Bf1 dxe4 19. Nxe4 Rfe8 20. Nxf6+ Bxf6
21. Ra6 c5 22. Bb5 Re6 23. Rea1 Nd7 24. Ra7 Qc8 1-0

*

[Event "6Ã¨me LUC open"]
[Site "Lille"]
[Date "2015-05-05"]
[Round "2.22"]
[White "HAUSEUX, Paul"]
[Black "GUEZENNEC, Franck"]
[Result "0-1"]
[WhiteElo "1841"]
[BlackElo "2231"]

1. e4 c5 2. Nf3 Nc6 3. d4 cxd4 4. Nxd4 Nf6 5. Nc3 e5 6. Ndb5 d6 7. Bg5 a6 8.
Bxf6 gxf6 9. Na3 b5 10. Nd5 f5 11. exf5 Bxf5 12. Qf3 Nd4 13. Nc7+ Qxc7 14.
Qxa8+ Ke7 15. Qxa6 b4 16. Nb5 Nxc2+ 17. Kd1 Qc5 18. Qxd6+ Qxd6+ 19. Nxd6 Kxd6
20. Rc1 Nd4 21. a3 Bh6 22. Rc4 b3 23. Rc3 Bc2+ 24. Ke1 Bc1 0-1

*

[Event "6Ã¨me LUC open"]
[Site "Lille"]
[Date "2015-05-05"]
[Round "2.23"]
[White "VANDECASTEELE, Louis"]
[Black "MAJHI, Ankit"]
[Result "0-1"]
[WhiteElo "1831"]
[BlackElo "2178"]

1. e4 c5 2. Nf3 d6 3. d4 cxd4 4. Nxd4 Nf6 5. Nc3 a6 6. Be2 b5 7. Bf3 e5 8. Nde2
Bb7 9. Ng3 Nbd7 10. Bg5 h6 11. Be3 Rc8 12. Qd2 Nb6 13. Bxb6 Qxb6 14. O-O-O g6
15. h4 h5 16. Kb1 Be7 17. Qe2 Rc5 18. Rhe1 Qc7 19. Qd3 O-O 20. Re3 Rc8 21. Rd2
Qa5 22. Rd1 b4 23. Nd5 Bxd5 24. exd5 Rxc2 25. Qxc2 Rxc2 26. Kxc2 Qxa2 27. Ne2
Qa4+ 28. Kc1 Nd7 29. g3 Bf8 0-1

*

[Event "6Ã¨me LUC open"]
[Site "Lille"]
[Date "2015-05-05"]
[Round "2.24"]
[White "POURRAHNAMA, Amir"]
[Black "MOKAL, Amruta Sunil"]
[Result "0-1"]
[WhiteElo "1815"]
[BlackElo "2130"]

1. d4 Nf6 2. c4 e6 3. Nc3 Bb4 4. Qc2 c5 5. dxc5 Bxc5 6. e3 Nc6 7. Nf3 d5 8.
cxd5 exd5 9. Bd2 O-O 10. Na4 Bd6 11. Nc3 Bg4 12. Be2 Rc8 13. Qa4 Bb8 14. Rd1 a6
15. b4 Qe7 16. b5 axb5 17. Nxb5 Ne4 18. Bc1 Rfd8 19. Bb2 Ne5 20. Ba3 Qf6 21.
Qd4 Bxf3 22. gxf3 Nxf3+ 23. Bxf3 Qxf3 24. Rf1 Rc2 0-1

*

[Event "6Ã¨me LUC open"]
[Site "Lille"]
[Date "2015-05-05"]
[Round "2.25"]
[White "VAN LOMMEL, Patrick"]
[Black "VAN HOOREBEKE, Jimmy"]
[Result "1-0"]
[WhiteElo "2120"]
[BlackElo "1841"]

1. e4 c6 2. d4 d5 3. Nc3 dxe4 4. Nxe4 Bf5 5. Ng3 Bg6 6. Bc4 e6 7. N1e2 h6 8.
Nf4 Bh7 9. O-O Nd7 10. Re1 Ne7 11. Bxe6 fxe6 12. Nxe6 Qa5 13. Bd2 Qb6 14. Qe2
Nf6 15. Nxf8 Kxf8 16. Qxe7+ Kg8 17. Qe6+ Kf8 18. Bxh6 1-0

*

[Event "6Ã¨me LUC open"]
[Site "Lille"]
[Date "2015-05-05"]
[Round "2.26"]
[White "DE LAGONTRIE, Jean"]
[Black "DIAZ, Franck"]
[Result "0-1"]
[WhiteElo "1796"]
[BlackElo "2111"]

1. d4 g6 2. c4 Bg7 3. Nc3 d6 4. e4 Nc6 5. Be3 e5 6. d5 Nce7 7. c5 f5 8. cxd6
cxd6 9. Qa4+ Kf8 10. f3 Nf6 11. Be2 a6 12. O-O-O Bd7 13. Qb4 Qb8 14. Kb1 b5 15.
Bd3 a5 16. Qb3 b4 17. Na4 Nc8 18. Ne2 Kf7 19. Rc1 Rf8 20. Rxc8 Bxc8 21. Nb6 a4
22. Qd1 Ra5 23. Nc4 Ra8 24. Nb6 Bd7 25. Nxa8 Qxa8 26. Qd2 Qb7 27. Rc1 fxe4 28.
fxe4 Ng4 29. Rf1+ Kg8 30. Rxf8+ Bxf8 31. h3 Nxe3 32. Qxe3 a3 33. b3 Be7 34. Ng1
Qc7 35. Bc2 Kg7 36. Nf3 h6 37. Bd1 Bd8 38. Be2 Qb7 39. Bc4 Bb6 40. Qd3 Qc7 41.
Qe2 Qc5 42. Qd3 Qf2 43. Qe2 Qg3 44. Bd3 g5 45. Qf1 g4 46. hxg4 Bxg4 47. Be2 Qf4
48. Bd3 h5 49. Qc1 Qxc1+ 50. Kxc1 Bxf3 51. gxf3 Kf6 0-1

*

[Event "6Ã¨me LUC open"]
[Site "Lille"]
[Date "2015-05-05"]
[Round "2.27"]
[White "VAN VLIET, Dennis"]
[Black "URBANIAK, Patrick"]
[Result "1/2-1/2"]
[WhiteElo "2109"]
[BlackElo "1825"]

1. d4 Nf6 2. c4 g6 3. Nc3 Bg7 4. e4 d6 5. Be2 O-O 6. g4 c5 7. d5 a6 8. a4 Nbd7
9. Be3 Qa5 10. Bd2 Qc7 11. Qc1 Ne5 12. h3 e6 13. Bh6 exd5 14. exd5 Re8 15. Kf1
Ned7 16. Bxg7 Kxg7 17. Qf4 Ne5 18. g5 Ng8 19. Bg4 Qd8 20. Bxc8 Rxc8 21. Nge2
Rc7 22. h4 f6 23. Ng3 fxg5 24. hxg5 Rf7 25. Qh4 Kf8 26. Nce4 Nf3 27. Qg4 Re5
28. Kg2 Nxg5 29. Qh4 Qe7 30. Nxg5 Qxg5 31. Qxg5 Rxg5 32. Rae1 Rg4 33. b3 h5 34.
Re4 Nf6 35. Rxg4 Nxg4 36. Ne4 Ke7 37. a5 Rf4 38. Re1 Ne5 39. Nxc5 Rg4+ 40. Kh3
Rf4 41. Nxb7 Rxf2 42. c5 Kd7 43. Nxd6 Nd3 44. Re3 Nxc5 45. Nc4 Rf4 46. Nb6+ Kd6
47. Rg3 Rf6 48. b4 Ne4 49. Re3 Nf2+ 50. Kg2 Ng4 51. Re8 h4 52. Rd8+ Ke7 53.
Rd7+ Ke8 54. d6 Ne3+ 55. Kh3 Nf5 56. Ra7 Rxd6 57. Rxa6 Rd3+ 58. Kg4 Rg3+ 59.
Kf4 h3 60. Ra8+ Kf7 61. Nd5 Ke6 62. Nc7+ Kd7 63. Na6 h2 64. Rh8 Rg2 65. b5 Rb2
66. Nc5+ Kd6 67. Ne4+ Kc7 68. Rh7+ Kc8 69. b6 Ng7 70. Nd6+ Kd8 71. Rh3 Ne6+ 72.
Ke5 Ng5 73. Rh8+ Kd7 74. b7 Rxb7 75. Rxh2 Nf3+ 76. Kd5 Nxh2 77. Nxb7 Kc7 78.
Nc5 Ng4 79. Ne6+ Kb7 80. Kc5 Ne5 81. Kb5 Nd7 82. Nd8+ Ka7 83. Nc6+ Ka8 84. Nd4
g5 85. Kc6 Nf6 86. Kd6 g4 87. Ke6 1/2-1/2

*